| 000 | 00398nam a2200133Ia 4500 | ||
|---|---|---|---|
| 008 | 170221s9999 xx 000 0 und d | ||
| 100 | _aMichael Kleinaltenkamp | ||
| 245 | _aSpecial Issue: Services Marketing Workshop 2018 | ||
| 245 | _cMichael Kleinaltenkamp | ||
| 260 | _c2016 | ||
| 300 | _a5 : 3 | ||
| 650 | _xBusiness | ||
| 856 | _uhttp://www.jbm-online.net/index.php/jbm/issue/viewIssue/35/23 | ||
| 999 |
_c313532 _d313532 |
||